000 00295nam a22001337a 4500
008 171228b xxu||||| |||| 00| 0 eng d
020 _a9780673382511
041 _aeng
080 _a510
100 _a36
101 _aMAT
245 _aCALCULUS WITH APPLICATIONS
_cLIAL, M.L
942 _2udc
_cBK
999 _c39550
_d39550